| 000 | 00539nam a22001937a 4500 | ||
|---|---|---|---|
| 005 | 20260420185031.0 | ||
| 008 | 260420b |||||||| |||| 00| 0 eng d | ||
| 020 | _a0748705864 (pbk) | ||
| 040 | _cUE-CL | ||
| 082 |
_a291 _bW5893 |
||
| 100 | _aWhiting, Roger | ||
| 245 |
_aReligions for today _c/ Roger Whiting |
||
| 260 |
_aLondon: _bStanley Thornes LTD, _c1983 |
||
| 300 | _a270 p. | ||
| 505 | _aWhat is religion Gods and men History Books to read On the road | ||
| 546 | _aEnglish | ||
| 650 | _aReligions--Today | ||
| 942 | _cBK | ||
| 999 |
_c26088 _d26087 |
||